000 00429nam a2200181Ia 4500
001 1163
005 20260306140611.0
008 260306t2001||||xx |||||||||||||| ||spa||
041 _aESP
082 _a185
_bT69
100 _aDe Aquino, Tomás
_eAUT
245 0 _aComentario a la física de Aristóteles
260 _c2001
300 _a630 páginas :
_c24 cm.
650 _aGEN
654 _aCHU
942 _cLIB
_dJUS
_fJUS
_2ddc
_n
999 _c1163
_d1163